Crisis and war /

Bibliographic Details
Main Author: James, Patrick, 1957-
Format: Book
Language:English
Published: Kingston, Ont. : McGill-Queen's University Press, [1988]
Subjects:

MARC

Tag First Indicator Second Indicator Subfields
LEADER 00000cam a22000008a 4500
001 in00000017277
005 20151007053432.0
008 870824s1988 onca b 00110 eng d
010 |a cn 87090281  
015 |a C87-90281-4 
020 |a 0773505741 :  |c $27.50 
035 |a (OCoLC)16712318 
035 |9 AAB1637AM 
040 |a NLC  |b eng  |c NLC  |d TXA  |d UtOrBLW 
049 |a TXAM  |c [A12611026] 
050 4 |a U21.2  |b .J35 1988 
055 0 1 |a U21.2 
082 0 |a 355/.027  |2 19 
100 1 |a James, Patrick,  |d 1957- 
245 1 0 |a Crisis and war /  |c Patrick James. 
263 |a 8801 
264 1 |a Kingston, Ont. :  |b McGill-Queen's University Press,  |c [1988] 
264 4 |c ©1988 
300 |a x, 192 pages :  |b illustrations 
336 |a text  |b txt  |2 rdacontent 
337 |a unmediated  |b n  |2 rdamedia 
338 |a volume  |b nc  |2 rdacarrier 
504 |a Bibliography: pages [176]-187. 
500 |a Includes index. 
650 0 |a War. 
999 |a MARS 
999 f f |s f9ec0e54-6d0a-36de-b13a-cadc8603aec2  |i 4fe3d740-6efc-3311-b82b-6c8f5dbed439  |t 0 
952 f f |p normal  |a Texas A&M University  |b College Station  |c Sterling C. Evans Library  |d Evans: Library Stacks  |t 0  |e U21.2 .J35 1988  |h Library of Congress classification  |i unmediated -- volume  |m A14812611026 
998 f f |a U21.2 .J35 1988  |t 0  |l Evans: Library Stacks